Statistics for Countries With the Highest HDI 2021

Click here to take the quiz!

General Stats

  • This quiz has been taken 24 times
    (10 since last reset)
  • The average score is 17 of 20

Answer Stats

HDIAnswer% Correct
0.942Germany
100%
0.925Japan
100%
0.929United Kingdom
100%
0.921United States
100%
0.936Canada
90%
0.948Denmark
90%
0.940Finland
90%
0.959Iceland
90%
0.941Netherlands
90%
0.937New Zealand
90%
0.961Norway
90%
0.947Sweden
90%
0.962Switzerland
90%
0.951Australia
80%
0.937Belgium
80%
0.945Ireland
80%
0.930Luxembourg
80%
0.939Singapore
70%
0.925South Korea
70%
0.935Liechtenstein
60%

Score Distribution

Percentile by Number Answered

Percent of People with Each Score

Your Score History

You have not taken this quiz since the last reset